Sports quiz / (Record no. 128968)

MARC details
000 -LEADER
fixed length control field 00609nam a22002297a 4500
005 - DATE AND TIME OF LATEST TRANSACTION
control field 20170124110049.0
010 ## - LIBRARY OF CONGRESS CONTROL NUMBER
LC control number 008975
020 ## - INTERNATIONAL STANDARD BOOK NUMBER
Terms of availability 00.00
035 ## - SYSTEM CONTROL NUMBER
System control number 008975
037 ## - SOURCE OF ACQUISITION
Source of stock number/acquisition Cen Lib/Ret
040 ## - CATALOGING SOURCE
Original cataloging agency DPL
Language of cataloging EN
082 ## - DEWEY DECIMAL CLASSIFICATION NUMBER
Classification number 796
Item number PUR
100 ## - MAIN ENTRY--PERSONAL NAME
Personal name Puri, Narottam
9 (RLIN) 24970
245 ## - TITLE STATEMENT
Title Sports quiz /
Statement of responsibility, etc by Narottam Puri
250 ## - EDITION STATEMENT
Edition statement 4th ed.
260 ## - PUBLICATION, DISTRIBUTION, ETC. (IMPRINT)
Place of publication, distribution, etc Sahibabad
Name of publisher, distributor, etc Vikas Publishing House
Date of publication, distribution, etc 1982
270 ## - ADDRESS
Address 20/4,Industrial Area Sahibabad
City Ghaziabad
300 ## - PHYSICAL DESCRIPTION
Extent 158p.
Dimensions 17cm(Hb)
650 ## - SUBJECT ADDED ENTRY--TOPICAL TERM
Topical term or geographic name as entry element Sports
9 (RLIN) 107156
650 ## - SUBJECT ADDED ENTRY--TOPICAL TERM
Topical term or geographic name as entry element Sports Quiz
9 (RLIN) 24972
942 ## - ADDED ENTRY ELEMENTS (KOHA)
Source of classification or shelving scheme Dewey Decimal Classification
Koha item type English Books
Classification part 796
Call number suffix PUR
Holdings
Withdrawn status Lost status Damaged status Not for loan Home library Current library Date acquired Source of acquisition Cost, normal purchase price Total Checkouts Full call number Barcode Date last seen Copy number Cost, replacement price Price effective from Koha item type
        Central Library Central Library 04/07/2015 Cen Lib/Ret 0.00   796 PUR 008975 04/07/2015 1 0.00 04/07/2015 English Books

© Delhi Public Library
Hit Counter
free hit counter